Barriers to asset recovery (Record no. 219978)
[ view plain ]
| 000 -LEADER | |
|---|---|
| fixed length control field | 01347nam a2200337 a 4500 |
| 082 04 - DEWEY DECIMAL CLASSIFICATION NUMBER | |
| Classification number | 345/.0773 |
| 245 00 - TITLE STATEMENT | |
| Title | Barriers to asset recovery |
| 260 ## - PUBLICATION, DISTRIBUTION, ETC. (IMPRINT) | |
| Place of publication | Washington, D.C. : |
| Name of publisher | World Bank, |
| Year of publication | 2011. |
| 300 ## - PHYSICAL DESCRIPTION | |
| Number of Pages | ix, 183 p. |
| 650 #0 - SUBJECT ADDED ENTRY--TOPICAL TERM | |
| Topical Term | Forfeiture |
| Topical Term | Searches and seizures. |
| 700 1# - ADDED ENTRY--PERSONAL NAME | |
| Personal name | Stephenson, Kevin, |
| 856 40 - ELECTRONIC LOCATION AND ACCESS | |
| Uniform Resource Identifier | http://site.ebrary.com/lib/rucke/Doc?id=10506402 |
No items available.
